| 000 | 00000nas 2200000za 4500 |
| 001 | 9.855225 |
| 003 | CaOODSP |
| 005 | 20221107155241 |
| 007 | cr ||||||||||| |
| 008 | 180413d19601969oncar p oss f0###a0eng|d |
| 022 | |y0527-5873 |
| 040 | |aCaOODSP|beng |
| 041 | |aeng|afre |
| 043 | |an-cn--- |
| 086 | 1 |aCS47-203-PDF |
| 245 | 00|aMusical instrument and sound recording industry |h[electronic resource]. |
| 246 | 13|aIndustrie des instruments de musique et de l'enregistrement du son|f1967-1969 |
| 246 | 13|aMusical instruments and sound recording industry|f1969 |
| 260 | |a[Ottawa] : |bDominion Bureau of Statistics, Industry and Merchandising Division, |c1962-1971. |
| 310 | |aAnnual |
| 362 | 0 |a1960-1969. |
| 490 | 0 |aAnnual census of manufactures |
| 500 | |aDigitized edition from print [produced by Statistics Canada]. |
| 546 | |aText in English only, 1960-1966; text in English and French, 1967-1969. |
| 550 | |aIssued 1961-1964 by Industry Division; 1965-1969 by Manufacturing and Primary Industries Division. |
| 580 | |aMerged with: Button, buckle and fastener industry; Broom, brush and mop industry; Pen and pencil and typewriter supplies manufacturers; Venetian blind manufacturers; and, Miscellaneous manufacturing industries. |
| 692 | 07|2gccst|aMusic |
| 710 | 1 |aCanada. |bDominion Bureau of Statistics. |bIndustry and Merchandising Division. |
| 710 | 1 |aCanada. |bDominion Bureau of Statistics. |bIndustry Division. |
| 710 | 1 |aCanada. |bDominion Bureau of Statistics. |bManufacturing and Primary Industries Division. |
| 780 | 00|tThe musical instrument industry |w(CaOODSP)9.855223 |
| 785 | 00|tMiscellaneous manufacturing industries |w(CaOODSP)9.855747 |
| 792 | |tMusical instrument and sound recording industry |efre|w(CaOODSP)9.855228 |